000 01655nam a2200349Ia 4500
001 ebr10124670
003 CaPaEBR
006 m u
007 cr cn|||||||||
008 030731s2004 nyu sb 001 0 eng d
010 _z 2003061085
020 _z0511187688
020 _z0521828139
040 _aCaPaEBR
_cCaPaEBR
035 _a(OCoLC)69671740
050 1 4 _aHD30.22
_b.P376 2004eb
100 1 _aParker, Simon C.
245 1 4 _aThe economics of self-employment and entrepreneurship
_h[electronic resource] /
_cSimon C. Parker.
260 _aNew York :
_bCambridge,
_c2004.
300 _axviii, 323 p.
504 _aIncludes bibliographical references and index.
505 0 _aTheories of entrepreneurship -- Characteristics of entrepreneurs and the environmental for entrepreneurship -- Ethnic minority and female entrepreneurship -- Debt finance for entrepreneurial ventures -- Other sources of finance -- Evidence of credit rationing -- Labour demand and supply -- Growth, innovation and exit -- Government policy : issues and evidence.
533 _aElectronic reproduction.
_bPalo Alto, Calif. :
_cebrary,
_d2009.
_nAvailable via World Wide Web.
_nAccess may be limited to ebrary affiliated libraries.
650 0 _aManagerial economics.
650 0 _aEntrepreneurship.
650 0 _aNew business enterprises
_xManagement.
650 0 _aSelf-employed.
650 0 _aSelf-employed
_xGovernment policy
_vCase studies.
655 7 _aElectronic books.
_2local
710 2 _aebrary, Inc.
856 4 0 _uhttp://site.ebrary.com/lib/rucke/Doc?id=10124670
_zAn electronic book accessible through the World Wide Web; click to view
999 _c212803
_d212803